000 00397nam a2200157Ia 4500
008 240729s9999 xx 000 0 und d
022 _a1824-7288
245 0 _aItalian Journal of Pediatrics
260 _aUnited Kingdom
260 _bBMC
650 _a Pediatrics
650 _aMedicine
856 _uhttps://doaj.org/toc/230973a5ee81482680caf99b59406f78
942 _2ddc
942 _cDOAJEJ
999 _c73997
_d73997
945 _a1
_bMadushi Gamage
_c1
_dMadushi Gamage